000 04461nam a2200289 a 4500
001 000034165
003 DO-SdBNP
005 20171129100603.0
008 110926s20uu mx ac 000 0 spa d
020 _a
040 _aBPMSU
_bspa
_cBPMSU
092 _a xxx
_bxxx
100 1 _a
245 1 0 _aLotería de quelites /
_b
_cfrancisco alberto basurto peña...[y otros]
260 _a[México] :
_bInstituto de biología UNAM,
_c[200?]
300 _a19 láminas
_b
_c21 cm.
500 _a
505 0 _gPrólogo --
_gAutores y sus obras --
_tAntonio Abreu (Toño) --
_tAdolphe Charles Adam --
_tIsaac Albeniz --
_tLuis Alberti --
_tTommaso Albinoni --
_tJuan Crisostomo de Arriaga --
_tJohann Sebastian Bach --
_tFrancois Bahuaud --
_tSamuel Barber --
_tBela Bartok --
_tLudwing Van Beethoven --
_tVicenzo Bellini --
_tAlban Berg --
_tIrving Berlin --
_tHector Berlioz --
_tLeonard Bernstein --
_tGeorges Bizet --
_tErnest Bloch --
_tArrigo Boito --
_tFrancois Borne --
_tAlexander Borodin --
_tAntonio Braga --
_tJohannes Brahms --
_tBenjamin Britten --
_tLeo Brouwer --
_tMax Bruch --
_tBienvenido Bustamante --
_tGermán Cáceres --
_tRafael de Jesús Campos --
_tInocente Carreño --
_tPablo Casals --
_tAlfredo Catalani --
_tJosé Dolores Ceron --
_tDomenico Cimarosa --
_tPablo Claudio --
_tAaron Copland --
_tPaul Creston --
_tDante Salvador Cucurullo Pérez --
_tEnmanuel Chabrier --
_tCecile Chaminade --
_tErnest Chausson --
_tCarlos Chavez --
_tt
_Frederic Chopin --t
_Claude Debussy --t
_Gaetano Donizetti --t
_Albert Franz Doppler --t
_Antal Dorati --t
_Paul Dukas --t
_Antonin Dvorak --t
_Edward Elgar --t
_Justin Elie --t
_Georges Enesco --t
_Paul Engel --t
_Manuel de Falla --t
_Petronio Franceschini --t
_Cesar Frank --t
_Billo Frometa --t
_Jerzy (Jorge) Gablenz --t
_Blas Galindo --t
_Juan Francisco García --t
_Orlando Jacinto García --t
_George Gershwin --t
_Alberto Ginastera --t
_Alexander Glazunov --t
_Mikhail Ivanovitch Glinka --t
_Christoph Willibald Gluck --t
_Edvard Grieg --t
_Charles T. Griffes --t
_Ferde Grofe --t
_George Friedrich Haendel --t
_Franz Joseph Haydn --t
_Julio Alberto Hernández --t
_Paul Hindemith --t
_Johann Nepomuk Hummel --t
_Rafael Ignacio --t
_Charles Ives --t
_Andre Jolivet --t
_Dimitri Kabalevsky --t
_Frederick Kaufman --t
_Ulysses Kay --t
_Zoltan Kodaly --t
_Edouard Lalo --t
_Ninon Lapereita --t
_Ruggiero Leoncavallo --t
_Franz Liszt --t
_Ana Margarita Luna --t
_Gustav Mahler --t
_Alvaro Manzana --t
_Enrique de Marchena Dujarric --
505 0 _aGiuseppe Martucci --
_tPietro Mascagni --
_tJules Massenet --
_tEnrique Mejia Arredondo --
_tLuis E. Mena --
_tFelix Mendelssohn --
_tGiacomo Meyerbeer --
_tDarius Milhaud --
_tManuel M. Miniño Marion-Landais --
_tJose Antonio Molina --
_tRamón Antonio (Papa) Molina --
_tJose Pablo Moncayo --
_tXavier Monstsalvatge --
_tJuan Morel Campos --
_tSegundo Luis Moreno --
_tWolfgang Amadeus Mozart --
_tModeste Moussorgsky --
_tCarl Nielsen --
_tJacques Offenbach --
_tKarl Orff --
_tJohann Pachelbel --
_tJhon Knowles --
_tNicolo Paganini --
_tRoman E. Peña --
_tGiovanni Battista --
_tMiguel Pichardo Vicioso --
_tManuel Ma. Ponce --
_tFrancis Poulenc --
_tSergei Prokofieff --
_tGiacomo Puccini --
_tSergei Rachmaninoff --
_tJean Philipphe Rameau --
_tLuis Antonio Ramirez --
_tMaurice Ravel --
_tJosé de Jesús Ravelo --
_tCarl Reinecke --
_tOttorino Respighi --
_tSilvestre Revueltas --
_tNikolai Rimsky-Korsakov --
_tJoaquín Rodrigo --
_tGioacchino Rossini --
_tCamile Saint-Saens --
_tLuis Amaury Sánchez --
_tErik Satie --
_tKenneth Schermerhorn --
_tFranz Schubert --
_tRobert Schumann --
_tAlexander Scriabin --
_tDimitri Shostakovich --
_tJean Sibelius --
_tAna Silfa --
_tManuel Simo --
_tBedrich Smetana --
_tLuka Sorkocevic --
_tKarl Stamitz --
_tJohann (Hijo) Strauss --
_tRichard Strauss --
_tIgor Stravinsky --
_tFranz Von Suppe --
_tPeter Ilitch Tchaikovsky --
_tGiuseppe Torelli --
_tJoaquin Turina --
_tRalph Vaughan Williams --
_tGiuseppe Verdi --
_tJose Vianna Da Mota --
_tTomas Luis De Victoria --
_tHenri Vieuxtemps --
_tHector Villa-Lobos --
_tAntonio Vivaldi --
_tRichard Wagner --
_tCarl Maria Von Weber --
_tHenri Wieniawski --
_gApéndices :
_tAnexo A: Cursos de Cultura Musical dictados por el profesor Julio Ravelo dela Fuente en la Sala de la Cultura del Teatro Nacional --
_gReconocimientos --
_gBibliografía
650 4 _aCOMPOSICIÓN MUSICAL
650 4 _a
_x
650 4 _aJuegos didácticos
910 _aValidado. Control de calidad MMOLINA
942 _2ddc
_cBK
945 _aInventariado extranjero / 2017 VM
956 _aVMATEO
_b10
_c20150701
_lBPMSU
_h0069
999 _c13199
_d13199